LEADER 01184nam a2200313 u 4500 001 000000032127 003 CaOOAMICUS 005 20070226112222.0 008 971014s1985 it u000 u ita u 020 $a8815007946 035 $a10772715 040 $aMSA$bita$dPUL(R) 100 1 $aMengoni, Luigi.$0(OLS)http://pul/name/25431 245 10$aDiritto e valori /$cLuigi Mengoni. 260 $aBologna :$bIl Mulino,$c1985. 300 $a422 p. ;$c22 cm 490 1 $aSaggi ;$v285 504 $aContiene riferimenti bibliografici. 650 4$aDiritto e politica.$0(OLS)http://pul/subject/481 650 4$aDiritto del lavoro.$0(OLS)http://pul/subject/1096 830 0$aSaggi (Il Mulino) ;$v285.$0(OLS)http://pul/title/7843 850 $aPUL 852 $aPUL$W1$xSL Diritto e Scienze Sociali 1$y4$m237 D 87$j44372$nBK-PRI$b $qStampati$B44372$CPULBib$Z2$F44372 $H $81 941 1 $a8 960 $aLavoro (Diritto)$91096 961 $aINV: 59258 996 $6020$a8815007946$9(OLS)http://pul/number/40334 996 $6245$aDiritto e valori$9(OLS)http://pul/title/44252 996 $6260$aBologna :$bIl Mulino$9(OLS)http://pul/publisher/47928 LEADER 01248nam a2200277 u 4500 001 000000039945 003 CaOOAMICUS 005 20070226114040.0 008 980520s1968 fr u000 u fre u 035 $a10795522 040 $aPUL(R)$bita 100 1 $aCot, Jean-Pierre.$0(OLS)http://pul/name/29604 245 13$aLa conciliation internationale /$cJean-Pierre Cot ; préface de Mme S. Bastid .. 260 $aParis :$bA. Pedone,$c1968. 300 $aiv, 389 p. ;$c25 cm 490 1 $aPublications de la Revue générale de droit international public.$aNouvelle série ;$v11 500 $aContiene indici. 504 $aBibliografia in nota. 650 4$aDiritto internazionale.$0(OLS)http://pul/subject/2505 700 1 $aBastid, Suzanne.$0(OLS)http://pul/name/28338 830 0$aPublications de la Revue générale de droit international public.$pNouvelle série ;$v11.$0(OLS)http://pul/title/54012 850 $aPUL 852 $aPUL$W1$xSL Diritto e Scienze Sociali 1$y4$m179 C 68$j54351$nBK-PRI$b $qStampati$B54351$CPULBib$Z2$F54351 $H $81 941 1 $a8 996 $6245$aLa conciliation internationale$9(OLS)http://pul/title/54011 996 $6260$aParis :$bA. Pedone$9(OLS)http://pul/publisher/50402